Dato' Bahaman Pahlawan Yang Gagah

Bibliographic Details
Main Author: Ahmad Zaid
Format: Book
Published: Kuala Lumpur : Brainmax Enterprise , 2014
Series:Siri Bacaan Lagenda Gemilang
Subjects:

MARC

LEADER 00000cam a2200000 7i4500
001 0000044822
005 20150119.0
008 150119
020 |a 9673820771 
020 |a 9789673820696 (set) 
020 |a 9789673820771 
090 0 0 |a JF CT   |b MAL 
100 1 |a Ahmad Zaid 
245 1 0 |a Dato' Bahaman Pahlawan Yang Gagah   |c Ahmad Zaid 
260 |a Kuala Lumpur :   |b Brainmax Enterprise ,   |c 2014 
440 |a Siri Bacaan Lagenda Gemilang 
650 0 |a Children's stories, Malay 
650 0 |a Classic Tales, Malay 
999 |a 0001288657   |b Book   |c Teenagers   |e Cawangan Bandar Tenggara 
999 |a 0001288659   |b Book   |c Children Collection   |e Cawangan AEON Kulaijaya 
999 |a 0001288660   |b Book   |c Children Collection   |e Cawangan Taman Universiti 
999 |a 0001288661   |b Book   |c Children Collection   |e Cawangan Tmn. Ungku Tun Aminah 
999 |a 0001288662   |b Book   |c Children Collection   |e Cawangan Pontian 
999 |a 0001288663   |b Book   |c Children Collection   |e Cawangan Kota Tinggi 
999 |a 0001288664   |b Book   |c Children Collection   |e Cawangan Segamat 
999 |a 0001288665   |b Book   |c Children Collection   |e Cawangan Bukit Gambir 
999 |a 0001288666   |b Book   |c Children Collection   |e Cawangan Mersing 
999 |a 0001288667   |b Book   |c Children Collection   |e Cawangan Bandar Penawar 
999 |a 0001288668   |b Book   |c Children Collection   |e Cawangan Tangkak 
999 |a 0001288669   |b Book   |c Children Collection   |e Cawangan Muar 
999 |a 0001288671   |b Book   |c Children Collection   |e Cawangan Taman Sri Lambak